A diákotthoni nevelés kérdései
Elmentve itt :
| Szerző: | |
|---|---|
| Dokumentumtípus: | Cikk |
| Megjelent: |
1955-11-02
|
| Sorozat: | Délmagyarország
|
| Kulcsszavak: | Kollégiumi nevelés Szeged |
| Online Access: | http://dmarchiv.bibl.u-szeged.hu/52937 |
| LEADER | 00455nab a2200157 i 4500 | ||
|---|---|---|---|
| 001 | delm52937 | ||
| 005 | 20180927141930.0 | ||
| 008 | 180927s1955 hu o 0|| hun d | ||
| 040 | |a SZTE Délmagyarország Archívum |b hun | ||
| 041 | |a hun | ||
| 100 | 1 | |a Németh Ferenc | |
| 245 | 1 | 2 | |a A diákotthoni nevelés kérdései |h [elektronikus dokumentum] / |c Németh Ferenc |
| 260 | |c 1955-11-02 | ||
| 300 | |a 3 | ||
| 490 | 0 | |a Délmagyarország | |
| 695 | |a Kollégiumi nevelés Szeged | ||